[Event "Regionalliga SW 0708"]
[Site "Bayern"]
[Date "2008.01.20"]
[Round "5.4"]
[White "Bonacci, Mauro"]
[Black "Stoer, Andreas"]
[Result "1-0"]
[WhiteElo "2141"]
[BlackElo "2116"]
[PlyCount "83"]
[EventDate "2007.10.21"]
[EventType "team-tourn"]
[EventRounds "9"]
[EventCountry "GER"]
[SourceTitle "EXT 2009"]
[Source "ChessBase"]
[SourceDate "2008.11.26"]
[SourceVersion "1"]
[SourceVersionDate "2008.11.26"]
[SourceQuality "1"]
[WhiteTeam "Zugzwang MSA"]
[BlackTeam "Kriegshaber"]
[WhiteTeamCountry "GER"]
[BlackTeamCountry "GER"]

1. e4 e5 2. Nf3 Nc6 3. Bb5 a6 4. Ba4 Nf6 5. 0-0 Nxe4 6. d4 b5 7. Bb3 d5 8. dxe5 Be6 9. Nbd2 Nc5 10. c3 Bg4 11. Bc2 Be7 12. Re1 0-0 13. Nf1 Re8 14. h3 Bh5 15. Ng3 Bg6 16. Nd4 Qd7 17. Nxc6 Qxc6 18. Nf5 Bf8 19. Qg4 Qd7 20. Be3 h5 21. Qg5 Ne6 22. Qg3 c5 23. Rad1 Nd8 24. Qg5 Ne6 25. Qg3 Nd8 26. Qg5 Nc6 27. f4 Rad8 28. Bf2 Qc8 29. Nxg7 Bxg7 30. f5 Nxe5 31. fxg6 fxg6 32. Bxg6 Nxg6 33. Qxg6 Rxe1+ 34. Rxe1 Qd7 35. Bxc5 Qf7 36. Qg5 Rd7 37. Bd4 h4 38. Qg4 Re7 39. Rxe7 Qxe7 40. Qxg7+ Qxg7 41. Bxg7 Kxg7 42. g4 1-0

[Event "Regionalliga SW 0708"]
[Site "Bayern"]
[Date "2007.11.25"]
[Round "3.3"]
[White "Stoer, Andreas"]
[Black "Fischer, Manfred"]
[Result "1-0"]
[WhiteElo "2116"]
[BlackElo "2103"]
[PlyCount "107"]
[EventDate "2007.10.21"]
[EventType "team-tourn"]
[EventRounds "9"]
[EventCountry "GER"]
[SourceTitle "EXT 2009"]
[Source "ChessBase"]
[SourceDate "2008.11.26"]
[SourceVersion "1"]
[SourceVersionDate "2008.11.26"]
[SourceQuality "1"]
[WhiteTeam "Kriegshaber"]
[BlackTeam "Tuerkheim"]
[WhiteTeamCountry "GER"]
[BlackTeamCountry "GER"]

1. c4 e5 2. Nc3 Nf6 3. Nf3 Nc6 4. e3 Bb4 5. Qc2 0-0 6. Nd5 Re8 7. Qf5 d6 8. Nxf6+ Qxf6 9. Qxf6 gxf6 10. a3 Bc5 11. b4 Bb6 12. Bb2 a5 13. b5 Nd8 14. Be2 c6 15. d4 cxb5 16. c5 Bc7 17. Bxb5 Re7 18. cxd6 Bxd6 19. 0-0 Bg4 20. dxe5 fxe5 21. Nd2 Bf5 22. Rac1 f6 23. Nc4 Bc7 24. f4 Be4 25. fxe5 fxe5 26. Rfd1 Nf7 27. a4 Rd8 28. Ba3 Re6 29. Rxd8+ Bxd8 30. Nd2 Bc6 31. Bxc6 Rxc6 32. Rxc6 bxc6 33. Kf2 Kg7 34. Ne4 Ng5 35. Nxg5 Bxg5 36. Bc5 Bd8 37. Kf3 Kf6 38. Ke4 Ke6 39. g4 Bc7 40. h4 Bd8 41. g5 Bc7 42. Ba7 Bd6 43. Bb6 Bb4 44. Bc7 Bc3 45. h5 c5 46. Kd3 Be1 47. e4 Bh4 48. Kc4 Bxg5 49. Kxc5 Bf4 50. Bxa5 Kf6 51. Bd8+ Kg7 52. a5 Kh6 53. a6 Be3+ 54. Kc6 1-0

[Event "Seefeld op 18th"]
[Site "Seefeld"]
[Date "2007.09.08"]
[Round "8"]
[White "Stoer, Andreas"]
[Black "Van der Weide, Karel"]
[Result "0-1"]
[WhiteElo "2171"]
[BlackElo "2502"]
[PlyCount "80"]
[EventDate "2007.09.01"]
[EventType "swiss"]
[EventRounds "9"]
[EventCountry "AUT"]
[SourceTitle "EXT 2009"]
[Source "ChessBase"]
[SourceDate "2008.11.26"]
[SourceVersion "1"]
[SourceVersionDate "2008.11.26"]
[SourceQuality "1"]

1. c4 Nf6 2. Nf3 g6 3. g3 Bg7 4. Bg2 0-0 5. 0-0 d6 6. Nc3 e5 7. d3 c6 8. Rb1 Re8 9. Bg5 h6 10. Bxf6 Bxf6 11. b4 d5 12. cxd5 cxd5 13. Rc1 Nc6 14. b5 Ne7 15. Qb3 Be6 16. Qb4 Bg7 17. Nd2 f5 18. Nb3 b6 19. d4 e4 20. e3 g5 21. Ne2 Bf8 22. Rfd1 Ng6 23. Qd2 Bd6 24. f4 Qd7 25. a4 Re7 26. Kh1 Rg7 27. Rc6 Ne7 28. Rc2 Rf8 29. Rb1 Qe8 30. a5 Qxb5 31. Qc1 Qe8 32. axb6 axb6 33. Nd2 Qh5 34. Nf1 Rb8 35. Nc3 Bd7 36. Nd2 gxf4 37. exf4 Rxg3 38. Nf1 Rg4 39. Ne2 Rg7 40. Ne3 Kh7 0-1